Information Security Theory and Practice 10th IFIP WG 11.2 International Conference, WISTP 2016, Heraklion, Crete, Greece, September 26–27, 2016, Proceedings /

This volume constitutes the refereed proceedings of the 10th IFIP WG 11.2 International Conference on Information Security Theory and Practices, WISTP 2016, held in Heraklion, Crete, Greece, in September 2016. The 13 revised full papers and 5 short papers presented together in this book were careful...

Full description

Corporate Author: SpringerLink (Online service)
Other Authors: Foresti, Sara. (Editor, http://id.loc.gov/vocabulary/relators/edt), Lopez, Javier. (Editor, http://id.loc.gov/vocabulary/relators/edt)
Language:English
Published: Cham : Springer International Publishing : Imprint: Springer, 2016.
Edition:1st ed. 2016.
Series:Security and Cryptology ; 9895
Subjects:
Online Access:https://doi.org/10.1007/978-3-319-45931-8
LEADER 03645nam a22006015i 4500
001 978-3-319-45931-8
003 DE-He213
005 20210625005025.0
007 cr nn 008mamaa
008 160916s2016 gw | s |||| 0|eng d
020 |a 9783319459318  |9 978-3-319-45931-8 
024 7 |a 10.1007/978-3-319-45931-8  |2 doi 
050 4 |a QA76.9.A25 
072 7 |a UR  |2 bicssc 
072 7 |a COM053000  |2 bisacsh 
072 7 |a UR  |2 thema 
072 7 |a UTN  |2 thema 
082 0 4 |a 005.8  |2 23 
245 1 0 |a Information Security Theory and Practice  |h [electronic resource] :  |b 10th IFIP WG 11.2 International Conference, WISTP 2016, Heraklion, Crete, Greece, September 26–27, 2016, Proceedings /  |c edited by Sara Foresti, Javier Lopez. 
250 |a 1st ed. 2016. 
264 1 |a Cham :  |b Springer International Publishing :  |b Imprint: Springer,  |c 2016. 
300 |a X, 271 p. 59 illus.  |b online resource. 
336 |a text  |b txt  |2 rdacontent 
337 |a computer  |b c  |2 rdamedia 
338 |a online resource  |b cr  |2 rdacarrier 
347 |a text file  |b PDF  |2 rda 
490 1 |a Security and Cryptology ;  |v 9895 
505 0 |a Authentication and key management -- Secure hardware systems -- Attacks to software and network systems -- Access control and data protection. 
520 |a This volume constitutes the refereed proceedings of the 10th IFIP WG 11.2 International Conference on Information Security Theory and Practices, WISTP 2016, held in Heraklion, Crete, Greece, in September 2016. The 13 revised full papers and 5 short papers presented together in this book were carefully reviewed and selected from 29 submissions. WISTP 2016 sought original submissions from academia and industry presenting novel research on all theoretical and practical aspects of security and privacy, as well as experimental studies of fielded systems, the application of security technology, the implementation of systems, and lessons learned. The papers are organized in topical sections on authentication and key management; secure hardware systems; attacks to software and network systems; and access control and data protection. 
650 0 |a Computer security. 
650 0 |a Data encryption (Computer science). 
650 0 |a Computer organization. 
650 0 |a Application software. 
650 0 |a Management information systems. 
650 0 |a Computer science. 
650 1 4 |a Systems and Data Security.  |0 https://scigraph.springernature.com/ontologies/product-market-codes/I28060 
650 2 4 |a Cryptology.  |0 https://scigraph.springernature.com/ontologies/product-market-codes/I28020 
650 2 4 |a Computer Systems Organization and Communication Networks.  |0 https://scigraph.springernature.com/ontologies/product-market-codes/I13006 
650 2 4 |a Information Systems Applications (incl. Internet).  |0 https://scigraph.springernature.com/ontologies/product-market-codes/I18040 
650 2 4 |a Management of Computing and Information Systems.  |0 https://scigraph.springernature.com/ontologies/product-market-codes/I24067 
700 1 |a Foresti, Sara.  |e editor.  |4 edt  |4 http://id.loc.gov/vocabulary/relators/edt 
700 1 |a Lopez, Javier.  |e editor.  |4 edt  |4 http://id.loc.gov/vocabulary/relators/edt 
710 2 |a SpringerLink (Online service) 
773 0 |t Springer Nature eBook 
776 0 8 |i Printed edition:  |z 9783319459301 
776 0 8 |i Printed edition:  |z 9783319459325 
830 0 |a Security and Cryptology ;  |v 9895 
856 4 0 |u https://doi.org/10.1007/978-3-319-45931-8 
912 |a ZDB-2-SCS 
912 |a ZDB-2-SXCS 
912 |a ZDB-2-LNC 
950 |a Computer Science (SpringerNature-11645) 
950 |a Computer Science (R0) (SpringerNature-43710)